God save this honorable court how the choice of Supreme Court justice shapes our history
Gardado en:
| Autor Principal: | |
|---|---|
| Formato: | Libro |
| Idioma: | inglés |
| Publicado: |
Random House
1985
|
| Tags: |
Engadir etiqueta
Sen Etiquetas, Sexa o primeiro en etiquetar este rexistro!
|
MARC
| LEADER | 00000nam a22000007a 4500 | ||
|---|---|---|---|
| 008 | 211222b ||||| |||| 00| 0 eng d | ||
| 020 | |a 0-451-62527-7 | ||
| 100 | |a TRIBE, Laurence H. | ||
| 245 | |a God save this honorable court |b how the choice of Supreme Court justice shapes our history |c Laurence H.Tribe |g xviii, 202p. | ||
| 260 | |b Random House |c 1985 |h New York |i 694152 |l KF8742 .T73 |m United States, Supreme Court. |m Judges - Selection and appointment - United States | ||
| 500 | |a “It includes index”. | ||
| 942 | |a lcc |c BK |e IFATOLA J.O |f 22/12/2021 | ||
| 952 | |0 0 |1 0 |2 lcc |4 0 |6 KF8742 T73 |7 0 |9 4010 |a LL |b HOL |c GJ |d 2021-12-22 |l 0 |o KF8742 .T73 |p 2021-67734 |r 2021-12-22 00:00:00 |t 694152 |w 2021-12-22 |y BK | ||
| 999 | |c 2013 |d 2013 | ||